Представление документа в формате MARC21

Поле Инд. ПП Название Значение
Тип записи m
Библиографический уровень m
001 Контрольный номер RU/LIBMSTU/314438886
005 Дата корректировки 20190415100157.2
008 Кодируемые данные 090924|||||||||ru||||||||||||000|||rus||
040 b Код языка каталог. rus
e Правила каталог. PSBO
041 0_ a Код языка текста rus
084 a Индекс другой классификации/Индекс ББК 26.2
090 x Авторский знак Д 21
100 1_ a Автор Даувальтер В. А.
110 2_ a Организация/ юрисдикция Мурманский государственный технический университет
245 10 a Заглавие Оценка экологического состояния поверхностных вод по результатам исследований химического состава донных отложений
b Продолж. заглавия учеб. пособие по дисциплине "Геохимия окружающей среды" для специальности 013600 "Геоэкология" и направления 511100 "Экология и природопользование"
c Ответственность М-во сел. хоз-ва Рос. Федерации, Федер. агентство по рыболовству, Мурман. гос. техн. ун-т, Ин-т проблем пром. экологии Севера Кольского науч. центра РАН
h Физич. носитель Электронный ресурс
256 a Характеристики компьютерного файла Электрон. текстовые дан. (1 файл : 1.3 Мб)
260 a Место издания Мурманск
b Издательство МГТУ
c Дата издания 2006
500 10 a Примечание Доступ из локальной сети Мурман. гос. техн. ун-та
500 10 a Примечание Загл. с экрана
500 10 a Примечание Имеется печ. аналог 2006 г.
583 x Служебное примечание Полнотекстовые документы
x Служебное примечание Труды преподавателей МГТУ
z Открытое примечание 280000
z Открытое примечание 19.00.00
z Открытое примечание 20.00.00
650 04 a Основная рубрика Гидрология-Учебные издания для высших учебных заведений
653 0_ a Ключевые слова Биологическая доступность элементов
a Ключевые слова Донные отложения
a Ключевые слова Поверхностные воды
a Ключевые слова Предельно допустимые концентрации
a Ключевые слова Труды преподавателей МГТУ
a Ключевые слова Химический состав
a Ключевые слова Экологическая опасность
a Ключевые слова Экологическое состояние
653 1_ a Ключевые слова Электронные версии
856 40 u URL https://elib.mauniver.ru/2006/U_06_06.pdf
901 t Тип документа m
952 c Вид литературы учебное пособие